00494nam a2200181Ia 450000500170000000800410001702000060005808200150006424500240007926000410010330000190014465000100016365000130017365000110018694200060019795200960020399900130029920240723060636.0240331s9999 xx 000 0 und d a  a208.2bEAT 0aEatwot women church aColombobAsian theology centerc1989 aviii, 169 p ., aWomen aReligion aFemine cL 001040708LaWERCLbWERCLcSSCd2024-03-31l0o 208.2 EATp477r2024-03-31w2024-03-31yL c800d800